000 01096 a2200241 4500
005 20080911113835.0
008 080911t xxu||||| |||| 00| 0 hin d
010 _aHIN-79630
020 _c95.00
_a8186440178
035 _aHN-51976
037 _bD.B.Act / pub
082 _a821
100 _aशर्मा, हरीश.बी
245 _cहरीश बी.शर्मा
_aफिर मैं फिर से फिर कर आता
246 _aPhir Main Phir Se Phir Kar Aata
_bby Harish B. Sharma
260 _aबीकानेर
_bकामेश्वर प्रकाशन
_c2006
270 _aतेलीवाडा चौक
_e334005
_bबीकानेर
_k0151 2524330
300 _a80पृ
_c22 सेमी (सजिल्द)
650 _aHindi poems
650 _aहिन्दी कविताएँ
942 _adpl
_cHN
_k821/ शर्माह
_2ddc
_h821
_mशर्माह
999 _c3330
_d3330